000 01837nam2a22003251 4500
001 RU\NLR\A1SV\25286
005 20251203152403.2
035 _a(NLR Aleph) 009709634
090 _a13478914
_c13478914
100 _a19800419d1925 u y0rusy50 ca
101 0 _arus
200 0 _aВып.2
210 _d1925
215 _a208 с.
_cил.
320 _aБиблиогр. в конце отд. ст.
327 1 _aАвт.: Г.Д.Угрюмов, А.В.Аксенов, А.А.Горяинов, А.И.Пахомычев, Н.А.Изгарышев, С.А.Вознесенский, З.М.Явич
461 1 _1001RU\NLR\A1SV\25284
_12000#$aВоенно-химическое дело$eТр. Воен.-хим. отд-ния ВНО при Высш. воен.-хим. шк. Р.-К.К.А.$fПод общ. ред. Я.Л.Авиновицкого, В.Н.Баташева, А.Ф.Яковлева$vВып.2
_99826936
_cМ.
_d1924-1925
_fПод общ. ред. Я.Л.Авиновицкого, В.Н.Баташева, А.Ф.Яковлева
_nВоен. вестн.
_oТр. Воен.-хим. отд-ния ВНО при Высш. воен.-хим. шк. Р.-К.К.А.
_tВоенно-химическое дело
_vВып.2
702 1 _aГоряинов
_bА.А.
_f1885-1937
_gАлександр Андреевич
702 1 _aПахомычев
_bА.И.
_f1887-1960
_gАлександр Иванович
702 1 _aИзгарышев
_bН.А.
_f1884-1956
_gНиколай Александрович
702 1 _aВознесенский
_bС.А.
702 1 _aАксенов
_bА.В.
702 1 _aЯвич
_bЗ.М.
_gЗиновий Михайлович
702 1 _aУгрюмов
_bГ.Д.
_f1895-
_gГеоргий Дмитриевич
801 0 _aRU
_bNLR
_c19800419
852 _aNLR
_j13/148
942 _cBOOK
980 _aA1SV
980 _aNB